| 000 | 02201nam a2200325 4500 | ||
|---|---|---|---|
| 001 | 0000017491 | ||
| 003 | CO-CtgCURN | ||
| 005 | 20250516194724.0 | ||
| 007 | ta | ||
| 008 | 160627s1999 000 0 eng d | ||
| 020 | _a9586760812 | ||
| 040 |
_aCO-CtgCURN _bspa _ccoctgcurn |
||
| 082 | 0 |
_a363.7 _bM17a |
|
| 100 | 1 | _aMartínez Bautista, Jorge Enrique. | |
| 245 | 1 | 0 |
_aAcciones populares : _bel ministerio publico en la defensa del medio ambiente / _cJorge Enrique Martínez Bautista, Lucely Diez Bernal. |
| 260 |
_aBogotá : _bDoctrina y Ley, _c1999. |
||
| 300 | _avii, 249 p. | ||
| 336 | _2rdacontent | ||
| 337 |
_2rdamedia _asin mediacion _bn |
||
| 338 |
_2rdacarrier _avolumen _bnc |
||
| 500 | _aIncluye indice. | ||
| 505 | 8 | _aLas acciones populares: conceptos -- Antecedentes -- Evolucion historica -- Intereses jurídicos protegidos -- Derecho a un ambiente sano -- Protección de los derechos colectivos -- Propuestas en la constituyente de 1991 -- Derechos e intereses colectivos -- Planteamientos del doctor Alejandro Martínez Caballero -- Aspectos procesales -- La recompensa -- Intervencion de la Procuraduria General de la Nacion marco de competencia -- La Acción de tutela, las acciones populares y de cumplimiento, en materia ambiental, frente a la jurisprudencia de la Corte Constitucional -- Protección del medio ambiente por medio de la tutela y de la Acción popular -- Principios y criterios para la protección del derecho a un ambiente sano -- Extractos de algunas acciones de tutela y populares en materia ambiental falladas por la Corte Constitucional por via de revision -- El debate del asunto y la unificacion de la jurisprudencia de la Corte Constitucional -- El ministerio publico en la defensa del medio ambiente y atribuciones del personero municipal en materia ambiental -- Exposicion de motivos | |
| 650 | 1 | 4 |
_aAcciones populares _vLegislacion _zColombia. |
| 700 | 1 | _aDiez Bernal, Lucely. | |
| 908 | _a160627 | ||
| 942 |
_cBK _h363.7 _iM17a _2ddc _n0 |
||
| 999 |
_c1441 _d1441 |
||